Il diario.

Uloženo v:
Podrobná bibliografie
Hlavní autor: Nin, Anaïs (Autor)
Médium: Kniha
Jazyk:italština
Vydáno: Milano : Bompiani, 1979
Tagy: Přidat tag
Žádné tagy, Buďte první, kdo vytvoří štítek k tomuto záznamu!

MARC

LEADER 00000nam a22000007ic4500
001 IT\ICCU\RAV\0049442
003 ItRI
005 20260115232232.0
008 890613s1979 it |||||| ||||| |||||c
040 |b ita  |c importazione bologna sebina 
041 7 |a ita  |2 ISO-639-2 
100 1 |a Nin, Anaïs  |0 IT\ICCU\CFIV\010885  |4 aut 
245 0 0 |a Il diario.  |c Anais Nin. 
260 |a Milano :  |b Bompiani,  |c 1979 
300 |a 382 p. ;  |c 21 cm. 
773 0 |w IT\ICCU\RAV\0049433  |t Il diario  |g 3  |a Nin, Anaïs  |0 IT\ICCU\CFIV\010885 
942 |2 ddc  |c BK  |n 0 
952 |0 0  |1 0  |4 0  |6 DOC_818_520000000000000_NIN  |7 0  |9 22559  |a BO  |b BO  |d 2026-01-15  |i 8571  |l 0  |o DOC 818.520 NIN  |p BO8571  |r 2026-01-15 23:22:32  |w 2026-01-15  |x [Sebina 5] [v. 3]  |y BK  |z v. 3 
999 |c 19264  |d 19264